| 000 | 01947nas a2200277 4500 | ||
|---|---|---|---|
| 999 |
_c63995 _d63995 |
||
| 001 | 768714001 | ||
| 003 | CO-MdFUSB | ||
| 005 | 20170825153344.0 | ||
| 008 | 170822s2017 ck ||||| |||| 00| 0 spa d | ||
| 022 | _a0120-3649 | ||
| 040 |
_aCO-MdFUSB _bspa _cCO-MdFUSB _dCO-MdFUSB |
||
| 041 | _aspa | ||
| 100 |
_aMeza Rueda, José Luis _eautor |
||
| 245 | 1 |
_aHacer teología desde la investigación acción participativa : _bexperiencia con un grupo de mujeres que vive con VIH _c/ Meza Rueda, José Luis |
|
| 300 |
_aVolumen 67. Número 183 (2001), páginas 141-161 _c: 24 cm. |
||
| 520 | 1 | _aUn amplio sector de la teología considera que su finalidad es la interpretación de la historia desde el horizonte del revelado. De igual manera, las ciencias sociales se preguntan por la posibilidad de una perspectiva crítica capaz de dar reconocimiento y participación a los sujetos implicados en los problemas y fenómenos sociales de su interés. En esta perspectiva se inscribe la investigación acción participativa porque trata de promover la concienciación de los sujetos y el empoderamiento de las comunidades para el cambio. La coincidencia con el propósito de nuestra teología, en su deseo de procurar formar sociales mas justas y humanas, en el camino hacia una escatología que busque la liberación plena del ser humano, nos ha llevado a explorar si la investigación acción participativa podría ser un método válido para hacer teología. | |
| 650 | 7 |
_9449 _aTeología de la liberación |
|
| 653 | _aInvestigación acción participación | ||
| 653 | _aLectura contextual de la biblia | ||
| 653 | _aConcienciación | ||
| 653 | _aPraxis sociopolítica | ||
| 700 |
_aSuárez Medina, Gabriel Alfonso _eautor |
||
| 700 |
_aMartinez Morales, Victor M. _eautor |
||
| 773 | 0 |
_049424 _976096 _dBogotá _oR1632 _tTheologica Xaveriana _w(CO-MdFUSB)63 _x0120-3649 _gVolumen 67. Número 183 (2001), páginas 141-161 _qPágina 141 |
|
| 942 | _cANA | ||